Govt. of
Madhya Pradesh

याेगासन और स्‍वास्‍थ्‍य (Record no. 56627)

MARC details
000 -LEADER
fixed length control field 00473nam a22001457a 4500
003 - CONTROL NUMBER IDENTIFIER
control field MACL
005 - DATE AND TIME OF LATEST TRANSACTION
control field 20170622125626.0
008 - FIXED-LENGTH DATA ELEMENTS--GENERAL INFORMATION
fixed length control field 170622b xxu||||| |||| 00| 0 eng d
040 ## - CATALOGING SOURCE
Transcribing agency MACL
100 ## - MAIN ENTRY--PERSONAL NAME
Personal name गर्ग, डॉ. सी. एन.
9 (RLIN) 67735
245 ## - TITLE STATEMENT
Title याेगासन और स्‍वास्‍थ्‍य
260 ## - PUBLICATION, DISTRIBUTION, ETC. (IMPRINT)
Place of publication, distribution, etc. दिल्‍ली
Name of publisher, distributor, etc. नवसाक्षर प्रकाशन
Date of publication, distribution, etc. 2015
650 ## - SUBJECT ADDED ENTRY--TOPICAL TERM
Topical term or geographic name as entry element योग
9 (RLIN) 36752
942 ## - ADDED ENTRY ELEMENTS (KOHA)
Source of classification or shelving scheme
Koha item type Hindi Books
Holdings
Withdrawn status Lost status Source of classification or shelving scheme Damaged status Not for loan Home library Current library Date acquired Cost, normal purchase price Total Checkouts Full call number Barcode Date last seen Date last checked out Price effective from Koha item type
          MACL MACL 22/06/2017 495.00 3 610 CRH033183 19/05/2018 27/02/2018 22/06/2017 Hindi Books